00319nam a2200109Ia 4500008004100000082001200041100001900053245008500072250002200157260000900179300002100188190415s9999 xx 000 0 und d aTP.0052 aPagare, Sharad 0aPurva madhya yugin dharmik asthaye; ek aitihasik sarvekshan (san 0650-1150 A.D.) aVikram University c1974 a298p. + C D - 46